MARC details
| 000 -CABECERA |
| campo de control de longitud fija |
01071nam a2200241 a 4500 |
| 005 - FECHA Y HORA DE LA ÚLTIMA TRANSACCIÓN |
| campo de control |
20240912063759.0 |
| 008 - ELEMENTOS DE LONGITUD FIJA--INFORMACIÓN GENERAL |
| campo de control de longitud fija |
991125s1991 mx 000 0 spa u |
| 020 ## - NÚMERO INTERNACIONAL NORMALIZADO PARA LIBROS |
| Número Internacional Estándar del Libro |
9686512047 |
| 035 ## - NÚMERO DE CONTROL DEL SISTEMA |
| Número de control de sistema |
UPN01000128394 |
| 049 ## - COLECCIÓN |
| Colección |
CG |
| 050 #4 - SIGNATURA TOPOGRÁFICA DE LA BIBLIOTECA DEL CONGRESO |
| Número de clasificación |
HF1733 M6 |
| Número de documento/Ítem |
A8 no.6 |
| 111 2# - ASIENTO PRINCIPAL--NOMBRE DE REUNION |
| Nombre de congreso/reunión o jurisdicción como elemento de entrada |
Foro Permanente de Información, Opinión y Diálogo sobre las Negociaciones del Tratado Trilateral de Libre Comercio entre México, los Estados Unidos de América y Canadá |
| Fecha del congreso/reunión |
(1991 : |
| Sede del congreso/Lugar de la reunión |
México) |
| 245 10 - MENCIÓN DE TÍTULO |
| Título |
Industria de bienes de capital y de uso duradero : |
| Resto del título |
tratado trilateral de libre comercio : memorias / |
| Mención de responsabilidad, etc. |
Senado de la República. |
| 260 ## - PUBLICACIÓN, DISTRIBUCIÓN, ETC. |
| Lugar de publicación, distribución, etc. |
México : |
| Nombre del editor, distribuidor, etc. |
Senado de la República, |
| Fecha de publicación, distribución, etc. |
1991. |
| 300 ## - DESCRIPCIÓN FÍSICA |
| Extensión |
172 p. |
| 440 #0 - MENCIÓN DE SERIE/ASIENTO SECUNDARIO--TÍTULO |
| Título |
Audiencias públicas ; |
| Designación de volumen o secuencia |
6. |
| Nombre de parte o sección de la obra |
Cuadernos del Senado ; |
| Designación de volumen o secuencia |
95 |
| 630 04 - ASIENTO SECUNDARIO DE MATERIA - TÍTULO UNIFORME |
| Título uniforme |
Tratado de libre comercio entre México, Estados Unidos y Canadá |
| Fecha de la firma de un tratado |
(1994) |
| 9 (RLIN) |
2531 |
| 650 #4 - ASIENTO SECUNDARIO DE MATERIA - TERMINO TEMATICO |
| Término de materia o nombre geográfico como elemento de entrada |
Comercio exterior |
| Subdivisión general |
Regulación |
| Subdivisión geográfica |
México |
| 9 (RLIN) |
9843 |
| 650 #4 - ASIENTO SECUNDARIO DE MATERIA - TERMINO TEMATICO |
| Término de materia o nombre geográfico como elemento de entrada |
INVERSIONES DE CAPITAL - |
| Subdivisión geográfica |
MEXICO |
| 9 (RLIN) |
6390 |
| 740 0# - ASIENTO SECUNDARIO - TÍTULOS RELACIONADOS /ANALITICOS NO CONTROLADOS |
| Título relacionado o analítico no controlado |
Tratado Trilateral de Libre Comercio |
| 905 ## - TIPO DE MATERIAL |
| Tipo de material |
Libro |